Способи творення термінів у сучасній англійській мові (Запис № 282572)
[ простий вигляд ]
| 000 -LEADER | |
|---|---|
| fixed length control field | 01916nam a22001577a 4500 |
| 041 ## - LANGUAGE CODE | |
| Language code of text/sound track or separate title | ukr |
| 080 ## - UNIVERSAL DECIMAL CLASSIFICATION NUMBER | |
| Universal Decimal Classification number | 09 |
| 090 ## - LOCALLY ASSIGNED LC-TYPE CALL NUMBER (OCLC); LOCAL CALL NUMBER (OCLC) | |
| Local cutter number (OCLC) ; Book number/undivided call number, CALL (RLIN) | БОБ |
| 100 ## - MAIN ENTRY--PERSONAL NAME | |
| Personal name | Бобрик С. В. |
| 245 ## - TITLE STATEMENT | |
| Title | Способи творення термінів у сучасній англійській мові |
| 260 ## - PUBLICATION, DISTRIBUTION, ETC. (IMPRINT) | |
| Place of publication, distribution, etc | Острог |
| Name of publisher, distributor, etc | КАФ |
| Date of publication, distribution, etc | 2004 |
| 300 ## - PHYSICAL DESCRIPTION | |
| Extent | 60 |
| 520 ## - SUMMARY, ETC. | |
| Summary, etc | Розділ 1. Специфіка словотвірної системи простих та похідних термінів.<br/>1.1. Попередні зауваження. Класифікація способів творення термінів.<br/>1.2. Семантичний спосіб творення.<br/>1.3. Морфологічний спосіб термінотворення.<br/>1.4. Морфолого-синтаксичний тип словотвору.<br/>1.5. Запозичення у економічній термінології.<br/>Розділ 2. Словотворчі особливості складних та складених термінів.<br/>2.1. Основоскладання основний шлях творення термінів-композитів.<br/>2.2. Словосполучення як спосіб термінологічної номінації.<br/>2.3. Абревіація.<br/>Розділ 3. Подібності та відмінності у структурному складі англійської та української термінології.<br/>3.1. Осодливості структурно-порівняльного аналізу.<br/>3.2. Порівняльно-типологічний аналіз однослівних термінів.<br/>3.3. Характеристика структурних відповідностей термінологічних словосполучень. |
| -- | Термін, словотвір, словосполучення. |
| 650 ## - SUBJECT ADDED ENTRY--TOPICAL TERM | |
| Topical term or geographic name as entry element | Research Papers |
| 942 ## - ADDED ENTRY ELEMENTS (KOHA) | |
| Koha item type | Книги |
| Withdrawn status | Lost status | Source of classification or shelving scheme | Damaged status | Not for loan | Home library | Current library | Date acquired | Source of acquisition | Coded location qualifier | Cost, normal purchase price | Total Checkouts | Full call number | Barcode | Date last seen | Price effective from | Koha item type |
|---|---|---|---|---|---|---|---|---|---|---|---|---|---|---|---|---|
| Universal Decimal Classification | ВІЛ - Відділ іноземн. літератури НБ | ВІЛ - Відділ іноземн. літератури НБ | 08/08/2005 | Акт | В12 | 1.00 | 09 | 210134 | 20/12/2021 | 16/12/2004 | Книги |